000 00575 a2200205 4500
001 61744
005 20260407155908.0
008 260407a1972 arg spa d
003 AR-UNSa-BCEJYS
040 _aAR-UNSa-BCEJYS
_bspa
_cAR-UNSa-BCEJYS
080 _a347.735
_xCrédito. Títulos de crédito
245 1 0 _aTítulos circulatorios
264 1 _aBuenos Aires :
_bVíctor P. de Zavalía
_c1972
300 _a222 p.
_c23 cm.
041 _aspa
942 _cBK
590 _aniveau_biblio:m niveau_hierar:0
100 1 _aGualtieri, Giuseppe
700 1 _aWinizky, Ignacio
999 _c7396
_d7396